International Family Planning Perspectives on CD. Articles published in The Allan Guttmacher Institute's peer-reviewed journal 1990 - 1999: volumes 16-25
Збережено в:
| Співавтор: | |
|---|---|
| Формат: | Текст |
| Опубліковано: |
New York:
POPLINE Digital Services
|
| Теги: |
Додати тег
Немає тегів, Будьте першим, хто поставить тег для цього запису!
|
MARC
| LEADER | 00000 a a2200000 04500 | ||
|---|---|---|---|
| 001 | 28943 | ||
| 003 | |||
| 040 | |||
| 090 | |a 186300 |b RECURSO ELECTRONICO | ||
| 110 | |a The Allan Guttmacher Institute | ||
| 245 | |a International Family Planning Perspectives on CD. Articles published in The Allan Guttmacher Institute's peer-reviewed journal 1990 - 1999: volumes 16-25 | ||
| 260 | |a New York: |b POPLINE Digital Services | ||
| 500 | |a Incluye las publicaciones en Inglés, francés y español | ||
| 999 | |c 11736 |d 11736 | ||
